000 00590nam a2200229 a 4500
001 nice12345678
003 IN_TiNIC
005 20260116012850.0
008 050524s0000 hyda grp 000 0 eng
020 _a
_c100
082 0 0 _a340.59
_bQUT
100 _aQutubuddin, Syed Shah
245 _aPolygamy and Islam and the Wives of the Holy Prophet.
260 _aHyderabad
_bAllindiamashaiq Association
_c0000
300 _a17p
500 _aincludes index and biblioraphy
505 2 _aIndex
650 _aIslamic-Law Polygamy
902 _bSRS
942 _cBK
999 _c8700
_d8700